000 00653cam a2200205 a 4500
005 20251001102923.0
020 _a9987617379
_cTZS 10,000/=
040 _aMCCL
_beng.
_eAACR 2nd rev. ed.
082 0 0 _a346.67803 BIN
100 1 _aBinamungu, C. S.
245 1 0 _aLaw of torts in Tanzania /
_cC.S. Binamungu.
260 _aMzumbe, [Tanzania] :
_bResearch, Information and Publications Dept., Mzumbe University,
_cc2002.
300 _axxx, 158 p. :
_bill. ;
_c21 cm.
504 _aIncludes bibliographical references.
546 _aeng.
650 0 _aTorts
_zTanzania.
650 0 _aLiability (Law)
_zTanzania.
700 _aBinamungu, C. S.
942 _cBK
999 _c11486
_d11486